000 01404cam a2200205 4500500
005 20260208002221.0
041 _afre
042 _adc
100 1 0 _aLebrun, Pierre-Brice
_eauthor
245 0 0 _aLa sexualité en institution
260 _c2017.
500 _a29
520 _aAucune disposition légale ne limite les relations sexuelles entre mineurs : l’âge de la majorité sexuelle – fixée à 15 ans pour les filles et les garçons – n’est pas l’âge à partir duquel un mineur peut avoir des relations sexuelles, mais celui à partir duquel il peut avoir des relations sexuelles avec un majeur. Les relations sexuelles entre mineurs – comme les relations sexuelles entre majeurs, fussent-ils handicapés, usagés, défaillants, déficients, vieillissants – ne peuvent donc en aucun cas être interdites, ou faire l’objet de réunions, d’échanges, de transmission, ou de mentions au dossier, elles ne peuvent être évoquées devant les parents, tuteurs ou autres « représentants légaux », vrais ou supposés, qui n’ont bien évidemment jamais à donner leur accord.
690 _aatteintes sexuelles
690 _ahomosexualité
690 _amajorité sexuelle
690 _asexualité
786 0 _nEmpan | 105 | 1 | 2017-03-16 | p. 108-113 | 1152-3336
856 4 1 _uhttps://shs.cairn.info/revue-empan-2017-1-page-108?lang=fr&redirect-ssocas=7080
999 _c1645859
_d1645859